000 01080cam a2200301 a 4500
001 6193
003 FISKH
005 20250327100209.0
008 020808s2003 nyua d 000 1 eng
010 _a 2002031355
020 _a0385509456
020 _a9780099450252
_c$6.00
040 _aDLC
_cDLC
_dDLC
_beng
050 _aPZ7.H1165 C
082 _a813
100 1 _aHaddon, Mark,
_d1962-
245 1 4 _aThe curious incident of the dog in the night-time /
_cMark Haddon.
250 _aPublished by Vintage 2004
260 _aLondon :
_bVintage,
_c2003.
300 _a271 pages :
_billustrations ;
_c20 cm
520 _aDespite his overwhelming fear of interacting with people, Christopher, a mathematically-gifted, autistic, fifteen-year-old boy, decides to investigate the murder of a neighbor's dog and uncovers secret information about his mother.
650 1 _aAutism
_vFiction.
650 1 _aSavants (Savant syndrome)
_vFiction.
651 1 _aEngland
_vFiction.
906 _a7
_bcbc
_corignew
_d1
_eocip
_f20
_gy-gencatlg
942 _2ddc
_cBK
_n0
999 _c6193
_d6193